000 00411nam a2200169Ia 4500
003 GCL
008 140319s9999 xx 000 0 eng d
040 _aGCL /
_cGCL
082 0 4 _a759
_bR M
100 1 _aRUTTER, FRANK
245 1 0 _aMODERN MASTERPIECES /
_cRUTTER, FRANK
260 _a[S.N] :
_bHOME LIBRARY BOOK COMPANE
650 0 4 _aART, MODERN
650 0 4 _aARTS
650 0 4 _aPAINTING
942 _2ddc
_cBK
999 _c19476
_d19476